000 00481nam a2200169Ia 4500
008 090711s9999 xx 000 0 und d
082 _b40260
100 _aआफळे गोविंद
245 _aसावरकर गाथा
260 _c1967
300 _a28
600 _aआफळे गोविंद
630 _aसावरकर गाथा
700 _aआफळे गोविंद
730 _aसावरकर गाथा
942 _cBOOK
999 _c290425
_d290425